000 00278nam a22001217a 4500
008 170221b xxu||||| |||| 00| 0 eng d
041 _aeng
080 _a615
100 _a5
101 _aSHF
245 _aPHYSCIANS PHARMACISTS GUIDE MEDICINE
_cSHIDERMAN.F.E
942 _2udc
_cBK
999 _c5988
_d5988